000 00446nam a22001697a 4500
003 NUST - PNEC
005 20170116181134.0
008 151006b xxu||||| |||| 00| 0 eng d
020 _a0705408515
040 _cLIBRARY
082 _a953 TUL
100 _913779
_aTulleken, Kit van
245 _aArabian Peninsula:
_bLibrary of Nations
_cKit van Tulleken
260 _cc1985
650 _914131
_aArabian Peninsula
_xGeneral
942 _2ddc
_cBK
999 _c70110
_d70110